Central Library OPAC University of Rajshahi

Voices of America / (Record no. 21089)

MARC details
000 -LEADER
fixed length control field 01084nam a2200313 a 4500
001 - CONTROL NUMBER
control field 21089
003 - CONTROL NUMBER IDENTIFIER
rucl marc code BD-RjUL
005 - DATE AND TIME OF LATEST TRANSACTION
control field 20211209000640.0
008 - FIXED-LENGTH DATA ELEMENTS--GENERAL INFORMATION
fixed length control field 140303t19471941nyua b 001 0 eng d
035 ## - SYSTEM CONTROL NUMBER
System control number (BD-RjUL)21153
040 ## - CATALOGING SOURCE
Original cataloging agency DLC
Transcribing agency DLC
Modifying agency DLC
-- BD-RjUL
Language of cataloging eng
041 ## - LANGUAGE CODE
Language code of text/sound track or separate title eng
082 00 - DEWEY DECIMAL CLASSIFICATION NUMBER
Classification number 973
Edition number 19
Author mark and year PAV 1947
100 1# - MAIN ENTRY--PERSONAL NAME
Personal name Payne, Leoniadas warrenn.
9 (RLIN) 65173
245 10 - TITLE STATEMENT
Title Voices of America /
Statement of responsibility, etc. Leoniadas warren Payne, Mark A. Neville and Natalie E. Chapman.
260 ## - PUBLICATION, DISTRIBUTION, ETC. (IMPRINT)
Place of publication, distribution, etc. New York :
Name of publisher, distributor, etc. Rand mcnally & Co.,
Date of publication, distribution, etc. c1941 [1947].
300 ## - PHYSICAL DESCRIPTION
Pagination x, 714 p. :
Illustrations ill. ;
Size 23 cm.
490 ## - SERIES STATEMENT
Series statement Enjoying Literature.
504 ## - BIBLIOGRAPHY, ETC. NOTE
Bibliography, etc Includes bibliography and index.
651 #0 - SUBJECT ADDED ENTRY--GEOGRAPHIC NAME
Geographic name United States
General subdivision History
-- Sources
-- Juvenile literature.
9 (RLIN) 65174
Geographic name America
General subdivision Discovery and exploration
-- Sources
-- Juvenile literature.
9 (RLIN) 65175
Geographic name United States
General subdivision History
-- Sources.
9 (RLIN) 65176
700 1# - ADDED ENTRY--PERSONAL NAME
Personal name Neville, Mark A.
Personal name Chapman, and Natalie E.
830 ## - SERIES ADDED ENTRY--UNIFORM TITLE
Uniform title Enjoying Literature.
942 ## - ADDED ENTRY ELEMENTS (KOHA)
Source of classification or shelving scheme Dewey Decimal Classification
Koha item type Books
Holdings
Lost status Source of classification or shelving scheme Damaged status Not for loan Collection code Permanent Location Current Location Shelving location Date acquired Source of acquisition Total Checkouts Full call number Date last seen Copy number Koha item type
  Dewey Decimal Classification   Added to bundle Non-fiction Central Library, University of Rajshahi Central Library, University of Rajshahi Reading Room 20/06/1961 Asia Foundation, Gift.   973 PAV 1947 03/03/2014 C-1 Books